Les 20 villes les plus peuplées de Meurthe-et-Moselle (54) - Statistiques

Statistiques générales
  • Ce quiz a été pris 67 fois
  • Le résultat moyen est 12 sur 20
Statistiques - réponses
HINT HINT ANSWER % Correct
104 387 N Nancy
98%
17 920 L Lunéville
91%
29 697 V Vandoeuvre-lès-Nancy
91%
15 570 T Toul
89%
15 492 L Longwy
81%
15 126 L Laxou
76%
10 014 M Maxéville
72%
14 383 P Pont-à-Mousson
70%
14 938 V Villers-lès-Nancy
67%
7 818 M Malzéville
56%
8 733 E Essey-lès-Nancy
50%
9 362 J Jarville-la-Malgrange
48%
10 100 S Saint-Max
44%
9 040 T Tomblaine
44%
10 086 V Villerupt
41%
9 528 D Dombasle-sur-Meurthe
37%
8 090 J Jarny
37%
7 906 V Val de Briey
35%
9 282 M Mont-Saint-Martin
26%
7 363 S Saint-Nicolas-de-Port
26%
Aucun quiz correspondant
Distribution des résultats
% des personnes avec chaque résultat
Percentile par nombre de réponses
Votre historique - résultats
Vous n’avez pas pris ce quiz